00574cam a22001812 4500001001100000005001700011008004100028020001700069040001500086050002100101245012500122250001200247260003400259300002500293650004000318700003100358852000300389000001870820151217152133.0100609s xx 000 0 eng d a8126514410 : aKABUcKABU 0aT58.6b.T87 200810aInformation technology for management :btransforming organizations in the digital economy /cEfraim Turban ... [et al.] a6th ed. aNew Delhi :bJ. Wiley,c2008. axx,700p +e1 CD-ROM. 0aManagement information.@00001484631 aTurban,Efraim.@00001780301